000 00291nam a22001337a 4500
008 170717b xxu||||| |||| 00| 0 eng d
020 _a9780521429290
041 _aeng
080 _a2
100 _a24
101 _aTEO
245 _aAN INTRODUCTION TO ISLAM
_cWAINES, D
942 _2udc
_cBK
999 _c21355
_d21355